| 000 | 01227nam a22002297a 4500 | ||
|---|---|---|---|
| 999 |
_c60925 _d60925 |
||
| 003 | Ge_BSU | ||
| 005 | 20231120125823.0 | ||
| 008 | 231120s2018 ge ||||| |||| 00| 0 geo d | ||
| 020 | _a9789941942259 | ||
| 041 | _ageo | ||
| 080 | _a611(075.8) ხ-46 | ||
| 100 |
_aხეცურიანი, რამაზ _9629 |
||
| 245 |
_aადამიანის ანატომია : _b[სამედიცინო ინსტიტუტის სტუდენტთა სახელმძღვანელო]. 2 ტომი / _cრამაზ ხეცურიანი; რედ.ა. შუკაკიძე. |
||
| 250 | _aმეორე გამოცემა | ||
| 264 |
_aთბილისი : _bგამომცემლობა "პეტიტი" , _c2018. |
||
| 300 |
_a468 გვ. : _bფერადი ილუსტრაციები ; _c24 სმ. |
||
| 501 | _aტესტები გვ. 347-462. სწორი პასუხები გვ. 463-468 | ||
| 653 | _aმედიცინა | ||
| 653 | _aადამიანის ანატომია | ||
| 700 |
_aშუკაკიძე, ა. _eრედაქტორი _920437 |
||
| 942 |
_2udc _cᲬᲘᲒᲜᲘ |
||